Normal view
MARC view
Entry Topical Term
001 - CONTROL NUMBER
- control field: 507
003 - CONTROL NUMBER IDENTIFIER
- control field: BD-RjUL
005 - DATE AND TIME OF LATEST TRANSACTION
- control field: 20220104131507.0
008 - FIXED-LENGTH DATA ELEMENTS
- fixed length control field: 220104|| aca||aabn | a|a d
040 ## - CATALOGING SOURCE
- Original cataloging agency: BD-RjUL
- Transcribing agency: BD-RjUL
150 ## - HEADING--TOPICAL TERM
- Topical term or geographic name entry element: Manuscripts, Arabic
- Geographic subdivision: India
- Geographic subdivision: Patna
- Form subdivision: Catalogs
670 ## - SOURCE DATA FOUND
- Source citation: Work cat.: (BD-RjUL)79118: Khoda Bakhsh Oriental Public Library ;; خدا بخش أوريينتال پابليك لايبريري 506, فهرست دستي كتب قلمي لابريري موقوفه خان بهادر خدا بخش... مسمى به مفتاح الكنوز الخفية ;; faharasat disti katab qalami labriri mawqufah khan bihadir khada bikhash... musamaa bih miftah alkunuz alkhafia, ١٩١٨-١٩٢٥.